000 00285pab a2200121 454500
008 180718b xxu||||| |||| 00| 0 eng d
100 _aMishra, Girish
245 _aFirst "indicative" plan
650 _a Eight Plan
650 _aEconomic Development
773 _aPatriot
909 _a21700
999 _c21700
_d21700